MLB Top 5 NL MVP Voting 1990s - Statistics

General Stats
  • This quiz has been taken 88 times
  • The average score is 37 of 50
Answer Stats
Year Team Player % Correct
1990: 1 Pirates Barry Bonds
100%
1991: 2 Pirates Barry Bonds
100%
1992: 1 Pirates Barry Bonds
100%
1993: 1 Giants Barry Bonds
100%
1994: 4 Giants Barry Bonds
100%
1996: 5 Giants Barry Bonds
100%
1997: 5 Giants Barry Bonds
100%
1994: 5 Braves Greg Maddux
93%
1995: 3 Braves Greg Maddux
93%
1994: 1 Astros Jeff Bagwell
90%
1997: 3 Astros Jeff Bagwell
90%
1999: 2 Astros Jeff Bagwell
90%
1992: 5 Expos Larry Walker
90%
1997: 1 Rockies Larry Walker
90%
1996: 4 Braves Chipper Jones
89%
1999: 1 Braves Chipper Jones
89%
1997: 4 Astros Craig Biggio
89%
1998: 5 Astros Craig Biggio
89%
1995: 1 Reds Barry Larkin
88%
1998: 1 Cubs Sammy Sosa
86%
1990: 4 Cubs Ryne Sandberg
85%
1991: 5 Mets Howard Johnson
83%
1998: 2 Cardinals Mark McGwire
82%
1999: 5 Cardinals Mark McGwire
82%
1990: 3 Mets Darryl Strawberry
79%
1990: 2 Pirates Bobby Bonilla
78%
1991: 3 Pirates Bobby Bonilla
78%
1996: 1 Padres Ken Caminiti
72%
1991: 1 Braves Terry Pendleton
71%
1992: 2 Braves Terry Pendleton
71%
1995: 2 Rockies Dante Bichette
69%
1995: 4 Dodgers Mike Piazza
67%
1996: 2 Dodgers Mike Piazza
67%
1997: 2 Dodgers Mike Piazza
67%
1993: 3 Braves David Justice
64%
1994: 2 Giants Matt Williams
63%
1999: 3 Diamondbacks Matt Williams
63%
1993: 4 Padres/Braves Fred McGriff
60%
1993: 2 Phillies Lenny Dykstra
57%
1996: 3 Rockies Ellis Burks
53%
1991: 4 Giants Will Clark
53%
1992: 3 Padres Gary Sheffield
50%
1994: 3 Expos Moisés Alou
50%
1998: 3 Astros Moisés Alou
50%
1995: 5 Dodgers Eric Karros
47%
1998: 4 Padres Greg Vaughn
42%
1999: 4 Reds Greg Vaughn
42%
1993: 5 Braves Ron Gant
42%
1990: 5 Dodgers Eddie Murray
33%
1992: 4 Pirates Andy Van Slyke
18%
No matching quizzes found
Score Distribution
Percent of People with Each Score
Percentile by Number Answered
Your Score History
You have not taken this quiz